[Event "45 Otwarte Mistrzostwa Chorzowa OPEN FI"]
[Site "MDK Batory"]
[Date "2009.03.30"]
[Round "3.10"]
[White "Sroka, Janusz"]
[Black "Solek, Zenon"]
[Result "1-0"]
[WhiteElo "2109"]
[BlackElo "1852"]
[PlyCount "45"]
[EventDate "2009.??.??"]

1. e4 c5 2. g3 Nc6 3. Bg2 g6 4. d3 Bg7 5. c3 d6 6. f4 e5 7. Nf3 Nge7 8. O-O O-O
9. f5 gxf5 10. Nh4 f4 11. gxf4 Ng6 12. Nf5 Bxf5 13. exf5 Nxf4 14. Bxf4 exf4 15.
Qg4 Kh8 16. Qh5 h6 17. Nd2 Ne5 18. Ne4 d5 19. f6 Ng6 20. fxg7+ Kxg7 21. Nxc5
Rc8 22. d4 b6 23. Nd3 1-0

[Event "45 Otwarte Mistrzostwa Chorzowa OPEN FI"]
[Site "MDK Batory"]
[Date "2009.03.30"]
[Round "3.11"]
[White "Muc, Zbigniew"]
[Black "Widera, Jan"]
[Result "0-1"]
[WhiteElo "1848"]
[BlackElo "2030"]
[PlyCount "56"]
[EventDate "2009.??.??"]

1. e4 c5 2. d4 e6 3. Nf3 cxd4 4. c3 d3 5. Bxd3 Nc6 6. O-O d6 7. c4 Nf6 8. Nc3
Be7 9. Bg5 h6 10. Bh4 a6 11. Rc1 O-O 12. Qd2 Ng4 13. Bxe7 Qxe7 14. Bb1 b6 15.
Rfd1 Rd8 16. a3 Bb7 17. Qc2 Nge5 18. Nxe5 dxe5 19. Nd5 exd5 20. exd5 g6 21.
dxc6 Bxc6 22. Ba2 Qg5 23. Rxd8+ Rxd8 24. f4 exf4 25. Rf1 f3 26. Rf2 Be4 27. Qb3
Qc5 28. gxf3 Rd2 0-1

[Event "45 Otwarte Mistrzostwa Chorzowa OPEN FI"]
[Site "MDK Batory"]
[Date "2009.03.30"]
[Round "3.12"]
[White "Karcz, Bartlomiej"]
[Black "Kazek, Krzysztof"]
[Result "0-1"]
[WhiteElo "1799"]
[BlackElo "2029"]
[PlyCount "64"]
[EventDate "2009.??.??"]

1. e4 c5 2. Nf3 e6 3. Nc3 Nc6 4. d4 cxd4 5. Nxd4 Qc7 6. Ndb5 Qb8 7. a4 Nf6 8.
Be3 Be7 9. Bc4 O-O 10. O-O a6 11. Na3 Qc7 12. f4 d6 13. Ba2 Nb4 14. Bb3 d5 15.
Qf3 dxe4 16. Nxe4 Bd7 17. Nxf6+ Bxf6 18. c3 Bc6 19. Qg4 Nd5 20. Bc5 Rfd8 21.
Bf2 Nxf4 22. Be3 Nxg2 23. Nc4 Nxe3 24. Nxe3 Be5 25. Rf2 Qb6 26. Nc4 Bxh2+ 27.
Kf1 Qxb3 28. Rxh2 Bxa4 29. Ke1 Bb5 30. Ne5 Qd5 31. Nd3 Qxd3 32. Qf4 Qf1+ 0-1

[Event "45 Otwarte Mistrzostwa Chorzowa OPEN FI"]
[Site "MDK Batory"]
[Date "2009.03.30"]
[Round "3.14"]
[White "Krzempek, Krystian"]
[Black "Radzikowski, Dawid"]
[Result "1-0"]
[WhiteElo "1767"]
[BlackElo "1953"]
[PlyCount "83"]
[EventDate "2009.??.??"]

1. d4 Nf6 2. Bg5 Ne4 3. Bf4 f5 4. Nd2 d5 5. Nxe4 fxe4 6. e3 Be6 7. c3 Nd7 8.
Ne2 Bf7 9. Qb3 e5 10. Bxe5 Nxe5 11. dxe5 Be7 12. Nf4 Qc8 13. Nxd5 Bg5 14. e6
Bh5 15. Nxc7+ Qxc7 16. Qb5+ Kf8 17. Qxg5 Bg6 18. Rd1 Re8 19. Rd7 Qc6 20. e7+
Kg8 21. Bb5 Qb6 22. Bc4+ Bf7 23. Bxf7+ Kxf7 24. Qd5+ Qe6 25. Qxe6+ Kxe6 26.
Rxb7 Rxe7 27. Rxe7+ Kxe7 28. Ke2 Rb8 29. b3 Rc8 30. c4 Rc6 31. Rd1 Ra6 32. Rd2
Ke6 33. f3 Ra3 34. fxe4 a5 35. c5 a4 36. c6 axb3 37. c7 Ra8 38. Rd8 b2 39. Rxa8
b1=Q 40. c8=Q+ Kf7 41. Qf5+ Ke7 42. Ra7+ 1-0

[Event "45 Otwarte Mistrzostwa Chorzowa OPEN FI"]
[Site "MDK Batory"]
[Date "2009.03.30"]
[Round "3.15"]
[White "Mandla, Maciej"]
[Black "Blasiak, Miroslaw"]
[Result "0-1"]
[WhiteElo "1690"]
[BlackElo "1950"]
[PlyCount "72"]
[EventDate "2009.??.??"]

1. e4 e5 2. Nf3 Nc6 3. Bb5 a6 4. Ba4 Nf6 5. O-O Be7 6. Re1 b5 7. Bb3 O-O 8. c3
d5 9. exd5 Nxd5 10. Nxe5 Nxe5 11. Rxe5 c6 12. d4 Bd6 13. Re1 Qh4 14. g3 Qh3 15.
Bxd5 cxd5 16. Qf3 Bf5 17. Qg2 Qh5 18. f3 Rae8 19. Be3 Bh3 20. Qf2 f5 21. Bd2 f4
22. Rxe8 Rxe8 23. Na3 Qg6 24. g4 h5 25. g5 Qxg5+ 26. Kh1 Bf5 27. Rg1 Qf6 28.
Qg2 g6 29. Qf2 Kf7 30. Rc1 g5 31. Nc2 g4 32. Nb4 g3 33. hxg3 fxg3 34. Qg2 Qh4+
35. Kg1 Bh3 36. Qh1 g2 0-1

[Event "45 Otwarte Mistrzostwa Chorzowa OPEN FI"]
[Site "MDK Batory"]
[Date "2009.03.30"]
[Round "3.16"]
[White "Hendel, Kazimierz"]
[Black "Rychlik, Bogdan"]
[Result "0-1"]
[WhiteElo "1671"]
[BlackElo "1927"]
[PlyCount "126"]
[EventDate "2009.??.??"]

1. e4 c5 2. f4 e5 3. Nf3 exf4 4. Bc4 Nf6 5. d3 d5 6. exd5 Nxd5 7. Bxd5 Qxd5 8.
Nc3 Qe6+ 9. Qe2 Qxe2+ 10. Nxe2 Bg4 11. Bxf4 Nc6 12. O-O-O Be7 13. Rde1 O-O 14.
Ne5 Nxe5 15. Bxe5 Rfe8 16. Bc3 Bh4 17. Ng3 Rxe1+ 18. Rxe1 Be6 19. Re5 b6 20.
Ne4 Rd8 21. Ng5 Bxa2 22. Nf3 Bf6 23. Re4 Bxc3 24. bxc3 Bd5 25. Re7 a5 26. c4
Bxf3 27. gxf3 Kf8 28. Rb7 Rd6 29. Kd2 g5 30. Ke3 Kg7 31. c3 Re6+ 32. Kf2 Kg6
33. d4 cxd4 34. cxd4 f5 35. d5 Rd6 36. Rc7 Kf6 37. Rxh7 Ke5 38. Ke3 f4+ 39. Kd3
b5 40. Re7+ Kf6 41. Rb7 bxc4+ 42. Kxc4 Ra6 43. Kc5 a4 44. d6 a3 45. Rb6 Ra8 46.
Rb1 a2 47. Ra1 Ke6 48. Kc6 Rc8+ 49. Kb7 Rc2 50. h3 Kxd6 51. Kb6 Rb2+ 52. Ka5
Kc5 53. Ka4 Kd4 54. Ka3 Rg2 55. Re1 Kd3 56. Kb3 Re2 57. Rf1 Ke3 58. Kc3 Rf2 59.
Rg1 Kxf3 60. Kd3 Rb2 61. Rf1+ Kg2 62. Rc1 f3 63. h4 gxh4 0-1

[Event "45 Otwarte Mistrzostwa Chorzowa OPEN FI"]
[Site "MDK Batory"]
[Date "2009.03.30"]
[Round "3.20"]
[White "Czornik, Janusz"]
[Black "Noga, Jozef"]
[Result "1/2-1/2"]
[WhiteElo "1749"]
[BlackElo "2030"]
[PlyCount "97"]
[EventDate "2009.??.??"]

1. e4 d5 2. exd5 Qxd5 3. Nc3 Qd6 4. d4 Nf6 5. Nf3 Bg4 6. h3 Bh5 7. Be3 a6 8.
Be2 Nc6 9. Qd2 e6 10. O-O-O Bxf3 11. Bxf3 O-O-O 12. Kb1 Be7 13. Ne4 Nxe4 14.
Bxe4 Bf6 15. c3 Ne7 16. Bf4 Qb6 17. Qc2 Nd5 18. Bh2 g6 19. Qb3 Qxb3 20. axb3
Be7 21. Rhe1 Bd6 22. Bxd5 exd5 23. Bxd6 Rxd6 24. Re7 Rd7 25. Re5 c6 26. Rde1
Kc7 27. Kc2 h5 28. h4 a5 29. Re8 Rxe8 30. Rxe8 Rd8 31. Re7+ Rd7 32. Re8 Kd6 33.
Ra8 Ke6 34. g3 Kf5 35. f3 Re7 36. Kd2 f6 37. Rh8 b5 38. Rh6 Re6 39. Rh8 Re7 40.
Rh6 Rg7 41. Rh8 Ke6 42. Re8+ Re7 43. Rxe7+ Kxe7 44. b4 a4 45. Ke3 g5 46. f4
gxh4 47. gxh4 Ke6 48. Ke2 Kf5 49. Kf3 1/2-1/2

[Event "45 Otwarte Mistrzostwa Chorzowa OPEN FI"]
[Site "MDK Batory"]
[Date "2009.03.30"]
[Round "3.21"]
[White "Rosicki, Marcin"]
[Black "Stepaniec, Lukasz"]
[Result "1-0"]
[WhiteElo "1527"]
[BlackElo "1885"]
[PlyCount "97"]
[EventDate "2009.??.??"]

1. e4 c6 2. d4 d5 3. e5 c5 4. dxc5 Nc6 5. Bf4 e6 6. Bb5 Bd7 7. Bxc6 Bxc6 8. Qd4
Qa5+ 9. b4 Qa4 10. Qb2 Bxc5 11. bxc5 Qxf4 12. Ne2 Qg4 13. Rg1 Qc4 14. Qc3 Qxc3+
15. Nbxc3 Ne7 16. f4 Nf5 17. Kf2 h5 18. Rad1 O-O-O 19. Nd4 Nxd4 20. Rxd4 f6 21.
Re1 Kd7 22. Re3 Ke7 23. h4 Rc8 24. f5 Rhf8 25. exf6+ Rxf6 26. Nxd5+ Bxd5 27.
Rxd5 Rc6 28. Kg3 g6 29. fxe6 Rfxe6 30. Rxe6+ Kxe6 31. Rd6+ Kf5 32. Rxc6 bxc6
33. Kf3 a6 34. a3 a5 35. a4 Ke5 36. g4 Kd4 37. gxh5 gxh5 38. Kf4 Kxc5 39. Kg5
Kc4 40. Kxh5 Kc3 41. Kg5 Kxc2 42. h5 Kb3 43. h6 Kxa4 44. h7 c5 45. h8=Q Kb3 46.
Qa1 a4 47. Kf4 c4 48. Qb1+ Kc3 49. Ke3 1-0

[Event "45 Otwarte Mistrzostwa Chorzowa OPEN FI"]
[Site "MDK Batory"]
[Date "2009.03.30"]
[Round "3.23"]
[White "Szczecina, Kamil"]
[Black "Czornik, Adam"]
[Result "1/2-1/2"]
[WhiteElo "1686"]
[BlackElo "1770"]
[PlyCount "31"]
[EventDate "2009.??.??"]

1. e4 e6 2. d4 d5 3. exd5 exd5 4. Bd3 Nc6 5. c3 Bd6 6. Qf3 Qe7+ 7. Ne2 Nf6 8.
h3 Ne4 9. Bf4 Bxf4 10. Qxf4 g5 11. Qe3 f5 12. Nd2 f4 13. Qf3 Bf5 14. g3 O-O-O
15. O-O-O Rhf8 16. gxf4 1/2-1/2

[Event "45 Otwarte Mistrzostwa Chorzowa OPEN FI"]
[Site "MDK Batory"]
[Date "2009.03.30"]
[Round "3.24"]
[White "Korcz, Daniel"]
[Black "Fraczek, Leslaw"]
[Result "0-1"]
[WhiteElo "1742"]
[BlackElo "1908"]
[PlyCount "100"]
[EventDate "2009.??.??"]

1. e4 e5 2. Nf3 Nc6 3. Bc4 Nf6 4. d3 Be7 5. O-O d6 6. c3 Bg4 7. h3 Bh5 8. Bg5
O-O 9. Nbd2 Na5 10. Bb5 a6 11. Ba4 b5 12. Bc2 c5 13. Re1 Nc6 14. Nf1 h6 15. Bd2
a5 16. Ng3 Bg6 17. Nh4 Re8 18. Nhf5 Bf8 19. a3 Qd7 20. Qf3 Reb8 21. Nxh6+ gxh6
22. Qxf6 c4 23. b4 Ne7 24. dxc4 bxc4 25. Bd1 Kh7 26. Bg4 Qc7 27. h4 Bg7 28. Qf3
Kg8 29. h5 Bh7 30. Nf5 Nxf5 31. Bxf5 Bxf5 32. Qxf5 Re8 33. Re3 Re6 34. Rg3 Kh8
35. Qg4 Rg8 36. Rb1 Ree8 37. Qf5 Re6 38. Be3 axb4 39. axb4 Rf6 40. Qg4 Qc8 41.
Qxc8 Rxc8 42. b5 Rb8 43. Ba7 Rb7 44. b6 Rf4 45. Re3 Bf6 46. f3 Bd8 47. Re2 Rf6
48. Reb2 Be7 49. Rb5 Re6 50. R1b4 d5 {zapis nieczytelny} 0-1

[Event "45 Otwarte Mistrzostwa Chorzowa OPEN FI"]
[Site "MDK Batory"]
[Date "2009.03.30"]
[Round "3.25"]
[White "Rzepka, Maciej"]
[Black "Sobek, Piotr"]
[Result "0-1"]
[WhiteElo "1737"]
[BlackElo "1866"]
[PlyCount "124"]
[EventDate "2009.??.??"]

1. e4 e5 2. Nf3 Nc6 3. Nc3 Nf6 4. Bc4 d6 5. Ng5 d5 6. exd5 Na5 7. Bb5+ c6 8.
dxc6 bxc6 9. Be2 h6 10. Nge4 Nd5 11. O-O Be7 12. d3 O-O 13. Bf3 f5 14. Nd2 Ba6
15. Bxd5+ cxd5 16. Nb3 Nc6 17. Re1 f4 18. Qf3 Nb4 19. Rxe5 Nxc2 20. Rb1 Bf6 21.
Rxd5 Qe8 22. Ne4 Bb7 23. Rc5 Nd4 24. Nxd4 Bxd4 25. Rc4 Rd8 26. b3 Ba6 27. Rc2
Bxd3 28. Qxd3 Bxf2+ 29. Nxf2 Rxd3 30. Nxd3 f3 31. Ba3 Qe3+ 32. Nf2 Rf6 33. g3
Rg6 34. Bc5 Qf4 35. Rbc1 h5 36. b4 h4 37. g4 Qf7 38. a4 Qd7 39. a5 a6 40. Rd1
Rxg4+ 41. Kh1 Qf5 42. Nxg4 Qxc2 43. Rg1 h3 44. Nf2 Kf7 45. Nxh3 g6 46. Ng5+ Kg7
47. Nxf3 Qe2 48. Nh4 Qe4+ 49. Ng2 Kh6 50. Re1 Qf3 51. Kg1 Qg4 52. Bd6 Qd4+ 53.
Kf1 Qxd6 54. Re4 Qd3+ 55. Re2 Qb1+ 56. Kf2 Qxb4 57. Ne3 Qxa5 58. Ng4+ Kg7 59.
Re7+ Kf8 60. Re3 Qc5 61. Kg3 Kg7 62. Kf3 a5 0-1

[Event "45 Otwarte Mistrzostwa Chorzowa OPEN FI"]
[Site "MDK Batory"]
[Date "2009.03.30"]
[Round "3.26"]
[White "Kostowski, Andrzej"]
[Black "Jablonski, Lechoslaw"]
[Result "1-0"]
[WhiteElo "1846"]
[BlackElo "1654"]
[PlyCount "97"]
[EventDate "2009.??.??"]

1. d4 Nf6 2. c4 g6 3. Bg5 Bg7 4. Nc3 d5 5. e3 c6 6. c5 Ne4 7. Nxe4 dxe4 8. Qd2
O-O 9. Ne2 Be6 10. Nc3 f5 11. h3 b5 12. cxb6 axb6 13. a3 Nd7 14. Be2 Nf6 15.
O-O Nd5 16. Rac1 h6 17. Bh4 g5 18. Bg3 Bf7 19. Nxd5 Bxd5 20. Bc4 e6 21. Bxd5
exd5 22. Rxc6 Rf6 23. Rfc1 Qf8 24. Rxf6 Qxf6 25. Be5 Qe6 26. Bxg7 Kxg7 27. Rc7+
Kg6 28. Qc1 Kh5 29. Rc6 Qd7 30. Rc7 Qe6 31. Qc6 Re8 32. Qxe6 Rxe6 33. Rd7 Rc6
34. Rxd5 Kg6 35. g3 Kf6 36. Rb5 Rd6 37. a4 h5 38. b4 Rc6 39. a5 Rc1+ 40. Kg2
bxa5 41. bxa5 Ra1 42. Rb6+ Ke7 43. a6 Kd7 44. Rf6 f4 45. gxf4 gxf4 46. Rxf4 Ke6
47. Rxe4+ Kf6 48. Re5 h4 49. Rh5 1-0

[Event "45 Otwarte Mistrzostwa Chorzowa OPEN FI"]
[Site "MDK Batory"]
[Date "2009.03.30"]
[Round "3.27"]
[White "Klama, Andrzej"]
[Black "Stepniewski, Jerzy"]
[Result "0-1"]
[WhiteElo "1663"]
[BlackElo "1810"]
[PlyCount "106"]
[EventDate "2009.??.??"]

1. e4 g6 2. d4 Bg7 3. c3 c6 4. Bd3 d6 5. f4 e6 6. Nf3 Ne7 7. O-O O-O 8. Be3 f5
9. e5 Nd5 10. Qe2 Nxe3 11. Qxe3 d5 12. Nbd2 Bd7 13. c4 Re8 14. c5 Bf8 15. b4
Re7 16. h3 Rg7 17. Nh2 Be7 18. Ndf3 Be8 19. g4 a5 20. a3 Na6 21. Rab1 axb4 22.
axb4 Nc7 23. Rf2 Ra3 24. Qe2 Qa8 25. g5 Nb5 26. Bxb5 cxb5 27. Kg2 Bc6 28. Nf1
Rf7 29. h4 Rf8 30. Ng3 Qa4 31. h5 Ra8 32. hxg6 hxg6 33. Qe1 Bf8 34. Qh1 Be8 35.
Qh2 Ra1 36. Rh1 Rxh1 37. Kxh1 Qxb4 38. Qh3 Ra1+ 39. Nf1 Bg7 40. Rh2 Kf8 41. Qg2
Qc4 42. Kg1 b4 43. Qe2 Qxe2 44. Rxe2 Bb5 45. Re1 Ra3 46. N3d2 Rd3 47. Rb1 Rxd4
48. Nb3 Rxf4 49. Na5 Ba6 50. c6 bxc6 51. Nxc6 Bxf1 52. Nxb4 Bc4 53. Rb2 Bxe5
0-1

[Event "45 Otwarte Mistrzostwa Chorzowa OPEN FI"]
[Site "MDK Batory"]
[Date "2009.03.31"]
[Round "4.1"]
[White "Buchowski, Adam"]
[Black "Kalinin, Oleg"]
[Result "0-1"]
[WhiteElo "1919"]
[BlackElo "2377"]
[PlyCount "70"]
[EventDate "2009.??.??"]

1. d4 d5 2. Nf3 Nc6 3. Bg5 f6 4. Bh4 Nh6 5. Bg3 Nf5 6. e3 g6 7. c4 e6 8. a3 h5
9. h3 Nxg3 10. fxg3 Ne7 11. Bd3 Qd6 12. O-O Qxg3 13. c5 Nf5 14. Bxf5 gxf5 15.
Qe2 c6 16. b4 Bd7 17. a4 Be7 18. Nbd2 Bd8 19. Rfb1 a6 20. Ra2 Rb8 21. Rab2 Bc7
22. Nf1 Qg7 23. Qf2 Ke7 24. Rd1 Qh6 25. Qe1 h4 26. Rdd2 Rbg8 27. Kh1 Rf8 28.
Re2 e5 29. Ng1 e4 30. Rf2 f4 31. Rb3 f5 32. exf4 Bxf4 33. Ne2 Bc7 34. Nc3 Bg3
35. Nxg3 hxg3 0-1

[Event "45 Otwarte Mistrzostwa Chorzowa OPEN FI"]
[Site "MDK Batory"]
[Date "2009.03.31"]
[Round "4.2"]
[White "Faron, Rafal"]
[Black "Osipow, Nikolaj"]
[Result "0-1"]
[WhiteElo "1707"]
[BlackElo "2251"]
[PlyCount "90"]
[EventDate "2009.??.??"]

1. e4 d5 2. exd5 Qxd5 3. Nc3 Qe5+ 4. Be2 c6 5. Nf3 Qc7 6. O-O Bf5 7. d3 e6 8.
Nd4 Bg6 9. Bf3 Nd7 10. Re1 Ngf6 11. Bg5 Bd6 12. g3 O-O 13. Bg2 a5 14. a4 Bb4
15. Bd2 Rad8 16. Nce2 e5 17. Bxb4 axb4 18. Nb3 c5 19. Nd2 Nb6 20. a5 Nbd5 21.
Nc1 Rfe8 22. Bxd5 Rxd5 23. f3 Nh5 24. Kg2 f5 25. Qe2 Nf6 26. Ncb3 Bf7 27. Qf2
e4 28. dxe4 fxe4 29. Nxe4 Nxe4 30. Rxe4 Red8 31. Rae1 c4 32. Nc1 Qxa5 33. Re7
Rd2 34. R1e2 Qd5 35. Rxd2 Qxd2 36. Qxd2 Rxd2+ 37. Re2 c3 38. bxc3 bxc3 39. Kf2
Bc4 40. Nd3 Bxd3 41. cxd3 c2 42. Rxd2 c1=Q 43. Ke3 b5 44. d4 Qc3+ 45. Ke2 Kf7
0-1

[Event "45 Otwarte Mistrzostwa Chorzowa OPEN FI"]
[Site "MDK Batory"]
[Date "2009.03.31"]
[Round "4.3"]
[White "Mulet, Piotr"]
[Black "Klementys, Jerzy"]
[Result "1-0"]
[WhiteElo "2303"]
[BlackElo "1859"]
[PlyCount "97"]
[EventDate "2009.??.??"]

1. e4 c5 2. c3 Nf6 3. e5 Nd5 4. d4 cxd4 5. Nf3 e6 6. cxd4 Be7 7. Bd3 O-O 8. O-O
d6 9. a3 Nc6 10. Qe2 a6 11. Rd1 Qc7 12. Qe4 f5 13. exf6 Nxf6 14. Qh4 Qa5 15.
Nc3 Qh5 16. Qxh5 Nxh5 17. d5 Ne5 18. Nxe5 dxe5 19. d6 Bd8 20. d7 Bxd7 21. Bxh7+
Kxh7 22. Rxd7 b5 23. Be3 Kg6 24. Rad1 Nf6 25. R7d6 Kf7 26. h3 Be7 27. Rb6 Rfb8
28. Kf1 Rxb6 29. Bxb6 Rb8 30. Bc7 Rc8 31. Bxe5 b4 32. axb4 Bxb4 33. Ke2 Ke7 34.
g4 Bxc3 35. Bxc3 Rc6 36. f3 g6 37. Rc1 Nd5 38. Bf6+ Kd7 39. Rxc6 Kxc6 40. Be5
Kd7 41. h4 Ke7 42. Kd3 Nb4+ 43. Kc3 Nd5+ 44. Kd4 Nb4 45. f4 Nc2+ 46. Kc5 Ne3
47. h5 gxh5 48. gxh5 Nf5 49. Kb6 1-0

[Event "45 Otwarte Mistrzostwa Chorzowa OPEN FI"]
[Site "MDK Batory"]
[Date "2009.03.31"]
[Round "4.4"]
[White "Kaczmarek, Aleksander"]
[Black "Galyga, Zbigniew"]
[Result "1/2-1/2"]
[WhiteElo "1886"]
[BlackElo "2217"]
[PlyCount "149"]
[EventDate "2009.??.??"]

1. e4 c6 2. d4 d5 3. exd5 cxd5 4. Bd3 Nc6 5. c3 g6 6. Bf4 Nh6 7. Na3 a6 8. Nc2
Bg7 9. Qd2 Nf5 10. Ne3 Nxe3 11. Qxe3 Be6 12. Nf3 Qd7 13. h4 h5 14. Be5 Nxe5 15.
Nxe5 Qd6 16. f4 Bf5 17. O-O Bf6 18. g3 e6 19. a4 Rc8 20. Rac1 Kf8 21. b4 Kg7
22. a5 Rc7 23. Rf2 Rhc8 24. Rfc2 Bxe5 25. fxe5 Qe7 26. Bxf5 gxf5 27. Kh2 Rh8
28. Rf2 Rh6 29. Rf3 Rg6 30. Qf2 Rc8 31. Rg1 Rg4 32. Re1 Qc7 33. Rc1 Rh8 34. Rf4
Rg6 35. Qe3 Rg8 36. Rg1 Qc4 37. Rf3 Rg4 38. Rg2 Kh7 39. Qd2 R8g6 40. Qd1 Kg8
41. Qd2 Kg7 42. Kh3 Re4 43. Re3 Rgg4 44. Rf2 Qb3 45. Ref3 Qa4 46. Rf4 Rexf4 47.
Rxf4 Rg6 48. Rf3 Qa1 49. Kh2 Qb1 50. Rf4 Qb3 51. Kg2 Qc4 52. Kh2 Kf8 53. Rf2
Ke8 54. Rf4 Kd7 55. Rf2 Rg4 56. Qe3 Kc6 57. Qd2 Kb5 58. Qc2 Re4 59. Qd2 Qb3 60.
Kg2 Rg4 61. Qd3+ Kc6 62. Qd2 Qb1 63. Kh2 Re4 64. Re2 Qf1 65. Rf2 Qe1 66. Qa2
Kc7 67. Kg2 Kb8 68. b5 f4 69. gxf4 Qd1 70. Qa3 Qg4+ 71. Kh2 Qxh4+ 72. Kg2 Qg4+
73. Kh2 Qh4+ 74. Kg2 Qg4+ 75. Kh2 1/2-1/2

[Event "45 Otwarte Mistrzostwa Chorzowa OPEN FI"]
[Site "MDK Batory"]
[Date "2009.03.31"]
[Round "4.5"]
[White "Kawala, Maciej"]
[Black "Banasik, Henryk"]
[Result "0-1"]
[WhiteElo "1953"]
[BlackElo "2121"]
[PlyCount "114"]
[EventDate "2009.??.??"]

1. e4 c5 2. Nc3 Nc6 3. f4 e6 4. Bc4 a6 5. a3 Nge7 6. d3 d5 7. Ba2 b5 8. Nf3
dxe4 9. dxe4 Qxd1+ 10. Nxd1 Bb7 11. c3 Rd8 12. Nf2 Ng8 13. O-O Nf6 14. f5 exf5
15. e5 Ne4 16. Nxe4 fxe4 17. Ng5 c4 18. Nxf7 Bc5+ 19. Kh1 O-O 20. e6 Rde8 21.
Bf4 Rxe6 22. Ng5 Ree8 23. Bb1 Nd8 24. Bc2 h6 25. Nh3 g5 26. Bg3 Ne6 27. Rae1 e3
28. Rf5 Rxf5 29. Bxf5 Ng7 30. Bg6 Rd8 31. Ng1 Rd2 32. Re2 h5 33. h4 Be7 34.
hxg5 Bxg5 35. Rxd2 exd2 36. Bc2 Nf5 37. Bf2 Ne3 38. Bxe3 Bxe3 39. Ne2 Be4 40.
Bd1 Bb1 41. Ng3 Ba2 42. Nf5 Bc5 43. Bxh5 Bb3 44. Kh2 d1=Q 45. Bxd1 Bxd1 46. Kg3
Kf7 47. Kf4 Ke6 48. g4 Bc2 49. Ng7+ Kf7 50. Nh5 Bd6+ 51. Kg5 a5 52. Kh6 Be5 53.
Kg5 Bd3 54. Kh4 Kg6 55. a4 b4 56. cxb4 axb4 57. a5 c3 0-1

[Event "45 Otwarte Mistrzostwa Chorzowa OPEN FI"]
[Site "MDK Batory"]
[Date "2009.03.31"]
[Round "4.6"]
[White "Kuciel, Wladyslaw"]
[Black "Blasiak, Miroslaw"]
[Result "1-0"]
[WhiteElo "2121"]
[BlackElo "1950"]
[PlyCount "89"]
[EventDate "2009.??.??"]

1. Nf3 d5 2. d4 Nf6 3. c4 e6 4. g3 c5 5. cxd5 exd5 6. Bg2 Nc6 7. O-O Be7 8. Nc3
O-O 9. Bg5 cxd4 10. Nxd4 h6 11. Be3 Re8 12. Rc1 Bf8 13. Qa4 Ne7 14. Ncb5 Bd7
15. Qb3 Nc6 16. Bxd5 Nxd5 17. Qxd5 a6 18. Nc3 Nxd4 19. Qxd4 Bc6 20. Qg4 Qf6 21.
Rfd1 Rad8 22. Bb6 Rxd1+ 23. Rxd1 Bd6 24. Rd3 Bf8 25. Bd4 Qe6 26. Qxe6 Rxe6 27.
f3 Rd6 28. Kf1 Re6 29. e4 Be7 30. Be3 f6 31. Kf2 Kf7 32. Nd5 Bf8 33. Rc3 Re5
34. Bf4 Re8 35. a3 f5 36. Nc7 Rc8 37. exf5 Kf6 38. g4 Kf7 39. Ne6 Be7 40. Be5
Bh4+ 41. Ke3 Re8 42. f4 g6 43. Nd4 gxf5 44. Nxf5 Bf6 45. Nd6+ 1-0

[Event "45 Otwarte Mistrzostwa Chorzowa OPEN FI"]
[Site "MDK Batory"]
[Date "2009.03.31"]
[Round "4.7"]
[White "Rychlik, Bogdan"]
[Black "Sroka, Janusz"]
[Result "1-0"]
[WhiteElo "1927"]
[BlackElo "2109"]
[PlyCount "94"]
[EventDate "2009.??.??"]

1. e4 e5 2. Nf3 d6 3. d4 Nd7 4. Bc4 c6 5. a4 Be7 6. Nbd2 Ngf6 7. c3 O-O 8. O-O
b6 9. Qe2 a6 10. Re1 Bb7 11. Bb3 b5 12. Nf1 c5 13. d5 c4 14. Bc2 Nc5 15. Ng3 g6
16. h3 Re8 17. Nh2 Bf8 18. Ng4 Nxg4 19. Qxg4 Bc8 20. Qe2 Bd7 21. axb5 Bxb5 22.
Qg4 Bg7 23. Be3 Qc7 24. Nf1 Rf8 25. Reb1 Rab8 26. f4 exf4 27. Bxf4 Rfe8 28. Qg3
Be5 29. Nd2 Qe7 30. Bxe5 dxe5 31. Rf1 Nd7 32. Rf2 Nf6 33. Qe3 Nh5 34. g3 Rf8
35. Raf1 Qc7 36. Bd1 Ng7 37. g4 Rbc8 38. Qh6 Qc5 39. Kg2 Rb8 40. Nf3 f6 41. Nh4
Qe7 42. g5 fxg5 43. Rxf8+ Rxf8 44. Rxf8+ Kxf8 45. Nf3 g4 46. hxg4 Bd7 47. Ng5
Kg8 1-0

[Event "45 Otwarte Mistrzostwa Chorzowa OPEN FI"]
[Site "MDK Batory"]
[Date "2009.03.31"]
[Round "4.8"]
[White "Marek, Eugeniusz"]
[Black "Kempa, Stefan"]
[Result "1-0"]
[WhiteElo "1920"]
[BlackElo "2080"]
[PlyCount "49"]
[EventDate "2009.??.??"]

1. Nf3 d5 2. d4 Nf6 3. Bg5 Ne4 4. Bf4 c6 5. e3 Qb6 6. Qc1 f6 7. h3 g5 8. Bh2
Bf5 9. Nbd2 e6 10. Nxe4 Bxe4 11. Nd2 Bg6 12. Be2 Nd7 13. a3 a5 14. c4 a4 15.
Qc3 Qa5 16. Rc1 Qxc3 17. Rxc3 Be7 18. O-O Bd8 19. Rcc1 Ke7 20. Bg3 h5 21. f3 h4
22. Bf2 e5 23. c5 Kf7 24. Rfd1 Re8 25. Kf1 {dalszy zapis nieczytelny} 1-0

[Event "45 Otwarte Mistrzostwa Chorzowa OPEN FI"]
[Site "MDK Batory"]
[Date "2009.03.31"]
[Round "4.9"]
[White "Widera, Jan"]
[Black "Moryson, Adrian"]
[Result "1/2-1/2"]
[WhiteElo "2030"]
[BlackElo "1897"]
[PlyCount "106"]
[EventDate "2009.??.??"]

1. e4 d6 2. c4 Nf6 3. Nc3 c5 4. Nf3 Nc6 5. d4 cxd4 6. Nxd4 g6 7. Be2 Bg7 8. Be3
O-O 9. O-O a6 10. Qd2 Ng4 11. Bxg4 Bxg4 12. f3 Bd7 13. f4 f5 14. exf5 gxf5 15.
Rf3 e5 16. Nxc6 Bxc6 17. Rg3 Kh8 18. Rd1 Qa5 19. Rxg7 Kxg7 20. fxe5 dxe5 21.
Bh6+ Kh8 22. Bxf8 Rxf8 23. Qd6 Kg8 24. c5 e4 25. a3 Rf7 26. Qb8+ Kg7 27. Qg3+
Kf8 28. Qb8+ Kg7 29. Qe5+ Kg8 30. Qb8+ Kg7 31. Qe5+ Kg8 32. Rf1 Qd8 33. Rxf5
Rxf5 34. Qxf5 Qd4+ 35. Kf1 Qd3+ 36. Ke1 Qe3+ 37. Ne2 Qd3 38. Qg5+ Kf7 39. Qd2
Qb1+ 40. Kf2 e3+ 41. Qxe3 Qxb2 42. Qf4+ Qf6 43. g3 Ke6 44. Qxf6+ Kxf6 45. Ke3
Ke5 46. Nf4 Bb5 47. g4 a5 48. h4 Bd7 49. g5 Ba4 50. h5 Bb3 51. g6 hxg6 52.
Nxg6+ Kf6 53. Nf4 Bd1 1/2-1/2

[Event "45 Otwarte Mistrzostwa Chorzowa OPEN FI"]
[Site "MDK Batory"]
[Date "2009.03.31"]
[Round "4.10"]
[White "Kazek, Krzysztof"]
[Black "Bogacki, Henryk"]
[Result "1-0"]
[WhiteElo "2029"]
[BlackElo "1554"]
[PlyCount "56"]
[EventDate "2009.??.??"]

1. c4 c6 2. d4 d5 3. Nf3 Nf6 4. e3 e6 5. Bd3 Nbd7 6. O-O Bd6 7. Nbd2 O-O 8. e4
dxe4 9. Nxe4 Nxe4 10. Bxe4 Nf6 11. Bc2 h6 12. Qe2 c5 13. dxc5 Bxc5 14. Bf4 Qe7
15. Be5 Bd6 16. Rad1 Bxe5 17. Nxe5 Bd7 18. Rd4 Rac8 19. Rfd1 Bc6 20. Qd3 Qc7
21. Ng4 Ne4 22. Rxe4 Bxe4 23. Qxe4 g6 24. Nxh6+ Kg7 25. Ng4 Qxc4 26. Qe5+ f6
27. Rd7+ Kh8 28. Nxf6 Rc5 1-0

[Event "45 Otwarte Mistrzostwa Chorzowa OPEN FI"]
[Site "MDK Batory"]
[Date "2009.03.31"]
[Round "4.11"]
[White "Sztwiertnia, Krzysztof"]
[Black "Krzempek, Krystian"]
[Result "1-0"]
[WhiteElo "2021"]
[BlackElo "1767"]
[PlyCount "65"]
[EventDate "2009.??.??"]

1. d4 c6 2. c4 d5 3. Nf3 Nf6 4. Nc3 e6 5. e3 Nbd7 6. Qc2 Bb4 7. Bd2 O-O 8. Bd3
a5 9. a3 Be7 10. O-O Re8 11. Rad1 Nf8 12. e4 dxe4 13. Nxe4 Nxe4 14. Bxe4 Bf6
15. Bf4 Ng6 16. Bg3 Bd7 17. Qb3 Qc8 18. Rfe1 Bd8 19. Bb1 Bc7 20. Ne5 Bxe5 21.
dxe5 c5 22. h4 Nf8 23. h5 Bc6 24. Bh4 a4 25. Qg3 Qc7 26. Bf6 Ng6 27. hxg6 gxf6
28. gxh7+ Kh8 29. Qh4 Qe7 30. exf6 Qf8 31. Re3 Red8 32. Rxd8 Rxd8 33. Rg3 1-0

[Event "45 Otwarte Mistrzostwa Chorzowa OPEN FI"]
[Site "MDK Batory"]
[Date "2009.03.31"]
[Round "4.12"]
[White "Janiszewski, Maciej"]
[Black "Galyga, Jozef"]
[Result "1-0"]
[WhiteElo "2093"]
[BlackElo "1906"]
[PlyCount "93"]
[EventDate "2009.??.??"]

1. d4 e6 2. e4 d5 3. exd5 exd5 4. Bd3 Nc6 5. c3 Bd6 6. Nf3 Bg4 7. O-O Nge7 8.
Re1 Qd7 9. Nbd2 O-O-O 10. b4 Rde8 11. Qa4 Kb8 12. b5 Nd8 13. Ne5 Bxe5 14. dxe5
Bf5 15. Bf1 Ng6 16. Nf3 Be4 17. Be3 b6 18. Nd2 Nxe5 19. Nxe4 dxe4 20. Qxe4 f5
21. Qd4 Qxd4 22. Bxd4 Ndf7 23. f4 Ng6 24. g3 Nd6 25. a4 Rxe1 26. Rxe1 Re8 27.
Ra1 Re7 28. a5 Nf8 29. axb6 axb6 30. Be5 Nb7 31. Bg2 Nd7 32. Bd4 Ndc5 33. Bxc5
bxc5 34. Ra6 Rd7 35. c4 Rd6 36. Ra1 Re6 37. Bd5 Re2 38. Ra6 Re7 39. Kf2 Re8 40.
h3 Re7 41. g4 fxg4 42. hxg4 h6 43. Kg3 Re2 44. f5 Re7 45. Kh4 Re5 46. Kh5 Rxd5
47. cxd5 1-0